00483nam a22001577a 450000500170000001000150001702000270003203500130005903700130007208200080008510000170009324500790011026000310018927000800022030000250030020130924120148.0 aENG-107934 c1195.00a9788180387753 aEN-91467 bDBAD/PUB a000 aRashid,M.A. 00aThe ultimate guide to the judicial services examination /cby M.A. Rashid aGurgaonbLexis Nexisc2013 a14th Floor, Bldg. No.10, Tower-B, DLF Cyber City, Phase-IIbGurgaone122002 aix,1836p.c26cm(pbk)